Architectural lighting for commercial interiors

Сохранить в:
Библиографические подробности
Главный автор: Sorcar, Prafulla C (Автор)
Формат:
Язык:английский
Опубликовано: Nueva York John Wiley 1987
Предметы:
Метки: Добавить метку
Нет меток, Требуется 1-ая метка записи!

MARC

LEADER 00000nam a2200000 a 4500
001 UCV6398
003 CL-VaPUC
005 20250424100917.0
008 920304e19870000US |||||||||||||||||eng|d
999 |c 212489  |d 212487 
040 |c Pontificia Universidad Católica de Valparaíso 
082 0 4 |a 729.28  |b SOR  |2 21 
100 0 |a Sorcar, Prafulla C  |e author  |9 300587 
245 1 0 |a Architectural lighting for commercial interiors 
260 |a Nueva York  |b John Wiley  |c 1987 
300 |a 249 p 
583 |a last modification  |c 19920304 00:00:00  |k Rodrigo Vera 
650 0 |a iluminación arquitectónica  |9 300588 
650 0 |a luminotecnia  |9 345473 
650 0 |a luminotecnia  |9 844657  |x mediciones 
650 0 |a Iluminación de interiores  |9 889178 
942 |c BK  |2 ddc 
945 |d 19920304 00:00:00 
952 |0 0  |1 0  |4 0  |6 729_280000000000000_SOR_1987  |7 0  |8 A  |9 193521  |a BIBING  |b BIBING  |d 2019-11-14  |i 2614154  |o 729.28 SOR 1987  |p 2614154  |r 2025-01-20  |w 2019-11-14  |y BK  |k EIE